00577 a2200169 4500003000400000005001700004008004100021040000900062082001800071245004500089250001200134260005200146300001000198942004200208952014000250999001700390OSt20240823115507.0240212b |||||||| |||| 00| 0 eng d coclc a892.71bFAR/T aThe legacy of Anti - colonial struggle / a1st ed. aFarook:bPG Teaching and Research Dept ,c2008. a157p. 2ddccBKh892.71iFAR/Tk892.71mFAR/T 00102ddc40708POEaMESbMEScARBd2024-02-12l1o892.71 FAR/Tp45282r2025-12-01 08:53:20s2025-12-01v100.00w2024-02-12yBKzGR5R3 c44433d44433